000 00837nam a2200217 i 4500
001 bg
100 1 _aMIKA, Jerzy
245 1 0 _aAnaliza statystyczna pozycji Polski na tle krajów Unii Europejskiej :
_b( ocena dystansu i współzależności w sferze gospodarczej i społecznej w latach 1989-1994) /
_cJerzy Mika.
260 _aKatowice :
_b" Śląsk ",
_c1995.
300 _a134, [1] s. :
_brys., wykr. ;
_c16x24 cm.
504 _aBibliogr. s. 125-126.
650 9 _aPolska a Unia Europejska
_xgospodarka
_xstatystyka
_yod 1989 r.
650 9 _aUnia Europejska a Polska
_xgospodarka
_xstatystyka
_yod 1989 r.
020 _a8385831975
040 _cBPK
041 0 _apl
080 _a338.22(438)"1989/...":[339.923:061.1A/Z](4-67):311.3(083.41)
920 _a83-85831-97-5
942 _cKS
008 s pl f |000 0 pol
999 _c25361
_d25361
856 _uhttp://koha.tu.koszalin.pl/cgi-bin/koha/opac-detail.pl?biblionumber=25361
_yKatalog online BPK